[Event "ch-SLO"]
[Site "Bled SLO"]
[Date "2003.08.09"]
[Round "8"]
[White "Borisek,J"]
[Black "Grosar,A"]
[Result "1-0"]
[WhiteElo "2443"]
[BlackElo "2459"]

1.e4 d6 2.d4 Nf6 3.Nc3 e5 4.Nf3 Nbd7 5.Bc4 Be7 6.O-O O-O 7.a4 c6 8.Re1 b6
9.d5 cxd5 10.Nxd5 Bb7 11.b3 Rc8 12.Re2 Re8 13.Bb2 Bf8 14.Qd2 a6 15.Rd1 h6
16.Ba3 Rb8 17.Qe3 Bxd5 18.Bxd5 Nxd5 19.Rxd5 Nf6 20.Rd3 Qc7 21.Rd1 d5 22.Bxf8 d4
23.Qd3 Kxf8 24.Qxa6 Rbc8 25.Qb5 Kg8 26.Ne1 Qb7 27.f3 Rc5 28.Qb4 Qc7 29.Rdd2 Rc3
30.Nd3 Re6 31.Nb2 Nh5 32.Rf2 Nf4 33.Kh1 Rec6 34.Nc4 R6xc4 35.bxc4 Rxc4 36.Qb3 Rc3
37.Qb2 Rc4 38.h3 Rxa4 39.Kh2 Rc4 40.Rf1 b5 41.Ra1 Kh7 42.Ra2 b4 43.Ra4 Qc5
44.Qb3 h5 45.Ra7 Qxa7 46.Qxc4 Qa1 47.Rf2 Qe1 48.Qf1 Qc3 49.g3 d3 50.Qd1 b3
51.cxb3 Ne2 52.h4 Nd4 53.b4 d2 54.Kg2 Nb3 55.b5 Qb4 56.Qb1 Qd4 57.Rf1 Nc1
58.Rxc1 dxc1=Q 59.Qxc1 Qb4 60.Qf1 Qb2+ 61.Kh3 f6 62.Qd3 Qf2 63.Qd1 Kh6 64.Qh1 Qb2
65.Qf1 Kh7 66.g4 hxg4+ 67.Kxg4 g6 68.h5 Kg7 69.hxg6 Kxg6 70.Kg3 f5 71.exf5+ Kxf5
72.Qd3+ Kf6 73.Qd6+ Kf5 74.b6 Qb3 75.Qd7+ Kf6 76.b7 Qg8+ 77.Qg4 Qb3 78.Qc8 e4
79.b8=Q Qxf3+ 80.Kh4 Qh1+ 81.Qh3 Qe1+ 82.Qbg3 Qd1 83.Qc3+  1-0

[Event "11th GM"]
[Site "Lippstadt GER"]
[Date "2003.08.09"]
[Round "3"]
[White "Jenni,F"]
[Black "Cyborowski,L"]
[Result "1/2-1/2"]
[WhiteElo "2508"]
[BlackElo "2550"]

1.e4 d6 2.d4 Nf6 3.Nc3 e5 4.Nf3 Nbd7 5.Bc4 Be7 6.O-O O-O 7.Re1 c6 8.a4 b6
9.d5 cxd5 10.Nxd5 Bb7 11.b3 Rc8 12.Re2 Nxd5 13.Bxd5 Ba6 14.c4 Nf6 15.Ne1 Qd7
16.Nd3 Nxd5 17.exd5 Bb7 18.f4 exf4 19.Bb2 Bg5 20.Rf2 Rce8 21.Qh5 Bh6 22.Nxf4 Re4
23.Raf1 Rfe8 24.Qxh6 gxh6 25.Nh5 Qc7 26.Nf6+ Kf8 27.Nxh7+ Kg8 28.Nf6+ Kf8
29.Nh7+  1/2-1/2

[Event "10th Summer Open"]
[Site "Nice FRA"]
[Date "2003.08.09"]
[Round "7"]
[White "Miladinovic,I"]
[Black "Badea,B"]
[Result "1/2-1/2"]
[WhiteElo "2609"]
[BlackElo "2499"]

1.d4 d6 2.e4 Nf6 3.Nc3 e5 4.dxe5 dxe5 5.Qxd8+ Kxd8 6.f4 Bb4 7.Bd3 exf4 8.Bxf4 Be6
9.Ne2 Nbd7 10.h3 Bd6 11.O-O-O Ke7 12.Rhe1 c6 13.Bxd6+ Kxd6 14.e5+ Nxe5 15.Bxh7+ Ke7
16.Nd4 Rxh7 17.Rxe5 Rh5 18.Re3 Nd5 19.Nxd5+ Rxd5 20.c4 Rd7 21.Rd2 c5 22.Nxe6 fxe6
23.Rxd7+ Kxd7 24.Rg3 Rg8 25.Kd2 Ke7 26.Ke2 Kd6 27.Ke3 a6 28.Ke4 b5 29.b3 bxc4
30.bxc4 Rb8 31.Rxg7 Rb4 32.Kd3 Ra4 33.h4 Ra3+ 34.Ke4 Rc3 35.g4 Rxc4+ 36.Kd3 Rc1
37.h5 Rh1 38.Rg6 Kd5 39.h6 c4+ 40.Kc3 Rh3+ 41.Kb4 a5+ 42.Ka4 c3 43.Kb3 a4+
44.Ka3 Rh1 45.Rg5+ Kd4 46.Rh5 Rxh5 47.gxh5 Kd3 48.h7 c2 49.h8=Q c1=Q+ 50.Kxa4 Qc4+
51.Ka5 Qc5+ 52.Ka6 Qc6+ 53.Ka7 Qc7+ 54.Ka8 Qc6+ 55.Ka7  1/2-1/2

[Event "ch-Nordic w"]
[Site "Stockholm SWE"]
[Date "2003.08.09"]
[Round "8"]
[White "Agrest,S"]
[Black "Peicheva,E"]
[Result "1/2-1/2"]
[WhiteElo "2238"]
[BlackElo "2185"]

1.e4 d6 2.d4 Nf6 3.Nc3 e5 4.Nf3 Nbd7 5.Bc4 Be7 6.O-O O-O 7.Re1 c6 8.a4 b6
9.Ba2 a6 10.h3 Qc7 11.Nh4 Ne8 12.Nf5 Bf6 13.dxe5 dxe5 14.b4 Bb7 15.Qg4 g6
16.Rd1 Rd8 17.Nh6+ Kg7 18.Be3 c5 19.bxc5 Nxc5 20.Rxd8 Bxd8 21.f3 Bc8 22.Qg3 Be6
23.Nd5 Bxd5 24.Bxd5 Nf6 25.c4 Nh5 26.Qe1 Nf4 27.Ng4 h5 28.Nf2 a5 29.Kh2 Nfe6
30.Qd1 Bg5 31.Bxg5 Nxg5 32.Nd3 Nge6 33.Nxc5 Nxc5 34.Rb1  1/2-1/2

[Event "ch-Nordic w"]
[Site "Stockholm SWE"]
[Date "2003.08.10"]
[Round "9"]
[White "Andersson,C"]
[Black "Agrest,S"]
[Result "1/2-1/2"]
[WhiteElo "2149"]
[BlackElo "2238"]

1.e4 d6 2.Nc3 Nf6 3.d4 e5 4.dxe5 dxe5 5.Qxd8+ Kxd8 6.Bc4 Be6 7.Bxe6 fxe6
8.Bg5 Bd6 9.O-O-O Nc6 10.Nge2 Ke7 11.f4 exf4 12.Nxf4 Ne5 13.Nd3 h6 14.Bh4 a6
15.Bg3 Nfd7 16.Ne2 Rhf8 17.Nd4 g5 18.Rhe1 Rf7 19.h4 Raf8 20.hxg5 hxg5 21.b3 Nxd3+
22.Rxd3 Nc5 23.Rf3 Bxg3 24.Rxg3 Rf1 25.Rxf1 Rxf1+ 26.Kb2 Nxe4 27.Re3 Rf4
28.Nf3 Kf6 29.Rd3 Nd6 30.g3 Re4 31.Rc3 g4 32.Nh2 Nb5 33.Re3 Rd4 34.Kc1 Kf5
35.a4 Nd6 36.Re1 e5 37.Rf1+ Ke6 38.Rf8 Nf5 39.Re8+ Kf6 40.Rf8+ Ke6 41.Re8+ Kd6
42.Rd8+ Kc5 43.Re8 Nxg3 44.Rxe5+ Kd6 45.Re8 Kd7 46.Rg8 Ne2+ 47.Kb2 g3 48.Rg7+ Ke6
49.Nf1 Rd7 50.Rg8 Kf7 51.Rg4 Rd1 52.Nxg3 Nxg3  1/2-1/2

[Event "US Open"]
[Site "Los Angeles USA"]
[Date "2003.08.12"]
[Round "9"]
[White "Yudasin,L"]
[Black "Altounian,L"]
[Result "1/2-1/2"]
[WhiteElo "2558"]
[BlackElo "2427"]

1.e4 d6 2.d4 Nf6 3.Nc3 c6 4.f3 Nbd7 5.Be3 b5 6.Qd2 e5 7.O-O-O Bb7 8.Kb1 Be7
9.Nge2 Qc7 10.Ng3 g6 11.d5 a6 12.dxc6 Bxc6 13.h4 h5 14.Bg5 Rd8 15.Be2 Nb6
16.a3 d5 17.exd5 Nfxd5 18.Bxe7 Qxe7 19.Nge4 Nf4 20.Qe3 Nbd5 21.Nxd5 Nxd5
22.Qf2 O-O 23.g3 b4 24.axb4 Qxb4 25.Qc5 Qxc5 26.Nxc5 a5 27.Rhe1 Ne7 28.Rxd8 Rxd8
29.Bc4 Bxf3 30.Rxe5 Nf5 31.Nd3 Rd4 32.b3 a4 33.c3 Rg4 34.Ra5 Nd6 35.Rxa4 Be4
36.Ba6 Kf8 37.Kb2 Rxg3 38.Nc5 f5 39.Nxe4 fxe4 40.Rd4 Ke7 41.c4 e3 42.c5 Nf5
43.Rd5 Rg2+ 44.Kc3 Rd2 45.Re5+ Kf6 46.Re4 Rd5 47.b4 Re5 48.Kd3 Rd5+ 49.Kc3 Re5
50.Kd3  1/2-1/2

[Event "Independence Cup"]
[Site "Kyiv UKR"]
[Date "2003.08.14"]
[Round "2"]
[White "Kalinkin,B"]
[Black "Kernazhitsky,L"]
[Result "0-1"]
[WhiteElo "2229"]
[BlackElo "2402"]

1.d4 d6 2.e4 Nf6 3.Nc3 c6 4.Nf3 Bg4 5.h3 Bh5 6.Bd3 e6 7.Be3 Be7 8.Qe2 d5
9.O-O-O Bg6 10.exd5 Bxd3 11.Rxd3 cxd5 12.Ne5 Nc6 13.Bf4 Rc8 14.Nxc6 Rxc6
15.Rg3 O-O 16.h4 Kh8 17.Rhh3 Ne8 18.Bg5 f6 19.Bf4 Nd6 20.Rd3 Nc4 21.b3 Na3
22.Rhe3 Qc8 23.Qg4 b5 24.Kd1 Bb4 25.Rg3 Rf7 26.Bd2 Bd6 27.Rde3 f5 28.Qe2 Bf4
29.Nxd5 Bxe3 30.Rxe3 Nxc2 31.Nf4 Nxe3+ 32.fxe3 Rc2 33.Qxb5 Rxa2 34.Qc4 Rc7
35.Qxe6 Rc1+  0-1

[Event "ADCF Masters"]
[Site "Abu Dhabi UAE"]
[Date "2003.08.16"]
[Round "1"]
[White "Ghaem Maghami,E"]
[Black "Velikhanli,F"]
[Result "1/2-1/2"]
[WhiteElo "2544"]
[BlackElo "2339"]

1.e4 d6 2.d4 Nf6 3.Nc3 c6 4.a4 Qa5 5.Bd2 e5 6.Nge2 Qc7 7.h3 Be7 8.d5 O-O
9.g4 cxd5 10.exd5 Na6 11.Bg2 Bd7 12.O-O h5 13.g5 Nh7 14.Ne4 Qd8 15.h4 f5
16.gxf6 Nxf6 17.Ng5 Ng4 18.Ng3 Qe8 19.b3 Rc8 20.f3 Nh6 21.Be3 Nf5 22.Nxf5 Bxf5
23.c4 Nc5 24.Bxc5 Rxc5 25.Qd2 Qg6 26.f4 exf4 27.Rxf4 Bxg5 28.hxg5 Qxg5 29.Qf2 Rc7
30.Rf1 Rcf7 31.Kh2 Bg6 32.Rxf7 Rxf7 33.Qxa7 Rxf1 34.Bxf1 Qf4+ 35.Kg1 Qg3+
36.Bg2 Qe1+ 37.Bf1 Qg3+ 38.Bg2  1/2-1/2

[Event "Open"]
[Site "Vienna AUT"]
[Date "2003.08.16"]
[Round "1"]
[White "Steiner,B"]
[Black "Titze,K"]
[Result "1-0"]
[WhiteElo "2245"]
[BlackElo "1947"]

1.e4 c6 2.d4 Nf6 3.Nc3 d6 4.f4 Bg4 5.Qd3 h6 6.f5 b5 7.a3 Qa5 8.b4 Qb6 9.h3 Bh5
10.g4 Bxg4 11.hxg4 Nxg4 12.Be2 Nf6 13.e5 dxe5 14.dxe5 Nfd7 15.Bf4 e6 16.fxe6 fxe6
17.Bh5+ Kd8 18.Rd1 a5 19.Bg4  1-0

[Event "Jezero Open"]
[Site "Belgrade YUG"]
[Date "2003.08.17"]
[Round "4"]
[White "Popovic,AM"]
[Black "Scekic,M"]
[Result "1-0"]
[WhiteElo "2232"]
[BlackElo "2434"]

1.e4 c6 2.d4 d6 3.Nc3 Nf6 4.f4 Qa5 5.Bd2 Qb6 6.Nf3 Bg4 7.h3 Bxf3 8.Qxf3 Qxd4
9.O-O-O Nbd7 10.g4 O-O-O 11.Be3 Qb4 12.Rd4 Qb6 13.g5 Ne8 14.Ra4 c5 15.Nd5 Qc6
16.Rxa7 e6 17.Bd2 Nb8 18.Ba5 exd5 19.exd5 Qa4 20.h4 Rd7 21.Bh3 Be7 22.Re1 Bd8
23.Re4 Qb5 24.a4 Qxa5 25.Rxa5 Bxa5 26.Re7 Kd8 27.Re2 Rc7 28.Qe4 Na6 29.Qc4 Nb8
30.h5 h6 31.Qe4 hxg5 32.fxg5 c4 33.h6 gxh6 34.gxh6 f6 35.Bf5 b5 36.axb5 Bb4
37.b6  1-0

[Event "Ordix Open"]
[Site "Mainz GER"]
[Date "2003.08.17"]
[Round "11"]
[White "Grischuk,A"]
[Black "Agrest,E"]
[Result "1-0"]
[WhiteElo "2732"]
[BlackElo "2605"]

1.e4 d6 2.d4 Nf6 3.Nc3 e5 4.Nge2 Nbd7 5.g3 Be7 6.Bg2 O-O 7.O-O c6 8.a4 b6
9.h3 Bb7 10.Be3 a6 11.g4 b5 12.Ng3 exd4 13.Qxd4 c5 14.Qd2 b4 15.Nce2 Ne5
16.b3 g6 17.Rad1 Qc7 18.f4 Nc6 19.g5 Nd7 20.e5 Nd4 21.Bxb7 Nxe2+ 22.Qxe2 Qxb7
23.exd6 Bd8 24.Qg2 Qxg2+ 25.Kxg2 Re8 26.Kf3 Bb6 27.Rfe1 f5 28.gxf6 Nxf6 29.a5 Bxa5
30.Bxc5 Nd7 31.Bd4 Kf7 32.Rxe8 Rxe8 33.Ra1 Bb6 34.Bxb6 Nxb6 35.Rxa6 Nd5 36.Ne4 h6
37.d7 Rd8 38.Rd6 Ne7 39.Nc5 Nf5 40.Rb6 Nd4+ 41.Ke4 Nxc2 42.Ke5 Ne1 43.Kd6  1-0

[Event "9th Open"]
[Site "Pilsen-Lobzy CZE"]
[Date "2003.08.17"]
[Round "2"]
[White "Choisy,M"]
[Black "Cifka,S"]
[Result "0-1"]
[WhiteElo "2024"]
[BlackElo "2160"]

1.e4 d6 2.d4 Nf6 3.Nc3 c6 4.f4 d5 5.e5 Ng8 6.Be3 h5 7.Be2 g6 8.Nf3 Nh6 9.Ng5 Bg4
10.Nf3 e6 11.Qd2 Be7 12.O-O-O Nd7 13.g3 Qa5 14.h3 Bxf3 15.Bxf3 Nb6 16.Be2 Bb4
17.a3 Bxc3 18.Qxc3 Qxc3 19.bxc3 Nf5 20.Bf2 Ne7 21.g4 Nc4 22.Bh4 hxg4 23.Bxe7 Kxe7
24.Bxc4 dxc4 25.hxg4 Rhd8 26.f5 exf5 27.gxf5 Rh8 28.fxg6 fxg6 29.Rhg1 Rhg8
30.Rg5 Kf7 31.Kd2 Rh8 32.Rf1+ Kg7 33.Rf6 Rh6 34.Rd6 Rf8 35.Rg2 Rf7 36.Ke3 Rh3+
37.Kd2 Rh6 38.Ke3 Re7 39.a4 a5 40.Rd8 Rh3+ 41.Kd2 Rh4 42.Rd6 Rh6 43.Ke3 Kh7
44.e6 Kg7 45.Rg5 Kf6 46.Rxa5 Rh3+ 47.Kd2 Rh2+ 48.Kd1 Rxe6 49.Rxe6+ Kxe6 50.Rc5 Kf6
51.a5 Rh5 52.Rxc4 Rxa5 53.Ke2 Ke6 54.Rb4 b5 55.Rb1 g5 56.Kd3 Kf5 57.Rf1+ Kg4
58.Rf6 Kh3 59.Rxc6 g4 60.d5 g3 61.d6 b4 62.cxb4 g2 63.bxa5 g1=Q 64.Rc3 Kg4
65.Kc4 Qa7 66.Ra3  0-1

[Event "Open"]
[Site "Vienna AUT"]
[Date "2003.08.17"]
[Round "2"]
[White "Bensch,P"]
[Black "Zaynard,A"]
[Result "1-0"]
[WhiteElo "2302"]
[BlackElo "2053"]

1.e4 d6 2.d4 Nf6 3.Nc3 c6 4.Be3 Qa5 5.Qd2 e5 6.f3 Be7 7.Nge2 O-O 8.Nc1 Be6
9.Nb3 Bxb3 10.cxb3 exd4 11.Bxd4 d5 12.e5 Ne8 13.Be2 Nc7 14.O-O c5 15.Be3 Bd8
16.Rfd1 d4 17.Ne4 Ne6 18.Bf2 Qxd2 19.Rxd2 Nc6 20.Bg3 Ba5 21.Rdd1 Nb4 22.Rac1 Bb6
23.a3 Nd5 24.Bf2 Rac8 25.Bc4 Ndf4 26.g3 Nh3+ 27.Kg2 Nxf2 28.Kxf2 a6 29.f4 Ba7
30.a4 Nd8 31.f5 Bb8 32.Bd5 Bxe5 33.Nxc5 Rc7 34.Nd3 Bd6 35.Rxc7 Bxc7 36.Rc1 Bb6
37.b4 Re8 38.a5 Ba7 39.Rc7 Bb8 40.Rd7 g6 41.f6 Kf8 42.b3 h5 43.h4 Ne6 44.Rxb7 Rc8
45.Bxe6 fxe6 46.Nc5  1-0

[Event "ch-FRA"]
[Site "Aix les Bains FRA"]
[Date "2003.08.18"]
[Round "1"]
[White "Vaisser,A"]
[Black "Degraeve,JM"]
[Result "1-0"]
[WhiteElo "2571"]
[BlackElo "2541"]

1.d4 d6 2.e4 Nf6 3.Nc3 e5 4.dxe5 dxe5 5.Qxd8+ Kxd8 6.Bc4 Ke8 7.Nge2 c6 8.a4 a5
9.f3 Na6 10.Be3 Bc5 11.Nd1 Nd7 12.Nc1 Bxe3 13.Nxe3 Nac5 14.Nd3 Nxd3+ 15.Bxd3 Nc5
16.Kd2 f6 17.Kc3 Kd8 18.Rhd1 Kc7 19.b3 Bd7 20.Bc4 Rad8 21.b4 axb4+ 22.Kxb4 b6
23.a5 Ra8 24.Ra3 Rhb8 25.Rda1 Ne6 26.Bxe6 bxa5+ 27.Kc3 Bxe6 28.Rxa5 Rxa5
29.Rxa5 Kb6 30.Ra1 Rd8 31.Nd1 g5 32.Nb2 h5 33.Nd3 h4 34.h3 Bc8 35.Ra8 Kb7
36.Ra1 Kb6 37.Ra8 Kb7 38.Ra4 Kb6 39.Kd2 Ba6 40.c4 Bc8 41.Kc3 Be6 42.Rb4+ Kc7
43.Nc5 Bc8 44.Rb1 Rd4 45.Ra1 Kb6 46.Nb3 Rd8 47.c5+ Kb7 48.Na5+ Kc7 49.Nc4 Be6
50.Ra7+ Kb8 51.Na5 Bd7 52.Rb7+ Kc8 53.Kb4 Rf8 54.Ra7 Rd8 55.Nc4 Kb8 56.Ra1 Kc7
57.Nb6 Bc8 58.Nxc8 Rd4+ 59.Ka5 Kxc8 60.Kb6 Kd7 61.Ra7+ Ke6 62.Kxc6 Rd2 63.Kc7 Rxg2
64.Kd8 f5 65.c6 fxe4 66.c7 Rd2+ 67.Ke8 Rc2 68.fxe4 Kf6 69.Ra6+  1-0

[Event "Jezero Open"]
[Site "Belgrade YUG"]
[Date "2003.08.18"]
[Round "5"]
[White "Popovic,AM"]
[Black "Vasiljevic,D"]
[Result "1/2-1/2"]
[WhiteElo "2232"]
[BlackElo "2327"]

1.e4 d6 2.d4 Nf6 3.Nc3 e5 4.Nf3 Nbd7 5.h3 c6 6.Be2 b5 7.a3 a6 8.Bg5 Qc7 9.Qd2 Be7
10.Rd1 O-O 11.O-O Re8 12.Nh4 exd4 13.Qxd4 Nc5 14.Bc1 d5 15.exd5 cxd5 16.Bf4 Qc6
17.Bf3 Be6  1/2-1/2

[Event "X Asian Women"]
[Site "Calicut IND"]
[Date "2003.08.18"]
[Round "2"]
[White "Ramaswamy,A"]
[Black "Vijayalakshmi,S"]
[Result "1/2-1/2"]
[WhiteElo "2316"]
[BlackElo "2435"]

1.e4 d6 2.d4 Nf6 3.Nc3 e5 4.Nf3 Nbd7 5.Bc4 Be7 6.O-O O-O 7.Qe2 exd4 8.Nxd4 Ne5
9.Bb3 c5 10.Nf5 Bxf5 11.exf5 Qd7 12.Nd5 Rae8 13.Nxf6+ Bxf6 14.Bd5 Nc6 15.Qh5 Ne7
16.Bf3 Qxf5 17.Qxf5 Nxf5 18.Bxb7 Nd4 19.c3 Ne2+ 20.Kh1 Nxc1 21.Raxc1 Rb8
22.Bd5 Rxb2 23.a4 g6 24.g3 Rfb8 25.Kg2 Rd2 26.c4 Bd4 27.Rb1 Rb4 28.h4 Ra2
29.Rbe1 Kf8 30.Re4 Rbxa4 31.Rf4 f6 32.Re1 Rd2 33.Re6 Raa2 34.Rxd6 Be5 35.Rdxf6+ Bxf6
36.Rxf6+ Ke7 37.Rf7+ Ke8 38.Rxh7 Rxf2+ 39.Kh3 Kd8 40.Kg4 Rfe2 41.Rg7 Ra6
42.Rb7 Re7 43.Rb5 Ra3 44.Kf4 a5 45.Rb8+ Kd7 46.Rb7+ Kd6 47.Rb6+ Kc7 48.Rb7+ Kd8
49.Rb8+ Kd7 50.Rb7+  1/2-1/2

[Event "9th Open"]
[Site "Pilsen-Lobzy CZE"]
[Date "2003.08.18"]
[Round "3"]
[White "Zeleny,T"]
[Black "Simacek,P"]
[Result "1/2-1/2"]
[WhiteElo "2187"]
[BlackElo "2437"]

1.e4 d6 2.d4 Nf6 3.Nc3 e5 4.Nf3 Nbd7 5.Bc4 Be7 6.O-O O-O 7.Qe2 c6 8.a4 b6
9.Rd1 Qc7 10.Ba2 Bb7 11.Nh4 exd4 12.Rxd4 Ne8 13.Nf5 Bf6 14.Rd1 Nc5 15.Bf4 Be5
16.Qg4 Ne6 17.Bxe5 dxe5 18.Rd2 Bc8 19.Qg3 Nc5 20.Rad1 Bxf5 21.exf5 Nf6 22.Re2 Rfe8
23.Rde1 Qd7 24.Qf3 e4 25.Qf4 Rad8 26.b4 Qd4 27.bxc5 Qxc3 28.cxb6 axb6 29.Qc7 Nd5
30.Bxd5 Rxd5 31.Qxb6 Rxf5 32.h3 h5 33.Rxe4 Qxe1+ 34.Rxe1 Rxe1+ 35.Kh2 Ra1
36.Qxc6 g6 37.Qc8+ Kh7 38.Qd7 Rxf2 39.c4 Rff1 40.Kg3 Ra3+ 41.Kh2 Raa1 42.Kg3 Rad1
43.Qe7 Rd4 44.c5 Rxa4 45.c6 h4+ 46.Kh2 Rc4 47.c7 Rfc1  1/2-1/2

[Event "II American Continental"]
[Site "Buenos Aires ARG"]
[Date "2003.08.19"]
[Round "3"]
[White "Arenas,S"]
[Black "Cordero,A"]
[Result "1-0"]
[WhiteElo "2155"]
[BlackElo "2323"]

1.e4 d6 2.d4 Nf6 3.Nc3 Nbd7 4.f4 e5 5.Nf3 exd4 6.Nxd4 Nc5 7.Bb5+ c6 8.Bd3 Be7
9.O-O O-O 10.Kh1 Nxd3 11.Qxd3 Qa5 12.Bd2 Qh5 13.h3 Ne8 14.f5 f6 15.g4 Qf7
16.Bf4 Nc7 17.Nf3 b6 18.Rg1 Ba6 19.Qd2 Rfd8 20.Qf2 Bb7 21.g5 Qh5 22.Kh2 fxg5
23.Bxg5 Rd7 24.Rg4 Bxg5 25.Rxg5 Qh6 26.Rag1 Rf8 27.R1g4 Ne8 28.Rh4 Qf6 29.Rgh5 h6
30.Qg3 Kf7 31.e5 dxe5 32.Ne4 Qd8 33.Qg6+  1-0

[Event "Jezero Open"]
[Site "Belgrade YUG"]
[Date "2003.08.20"]
[Round "7"]
[White "Nestorovic,N"]
[Black "Mitrovic,R"]
[Result "1-0"]
[WhiteElo "2152"]
[BlackElo "1999"]

1.e4 d6 2.d4 Nf6 3.Nc3 c6 4.Bg5 Nbd7 5.Qd2 h6 6.Bh4 e5 7.Nf3 g5 8.Bg3 g4
9.dxe5 gxf3 10.exf6 fxg2 11.Bxg2 Qxf6 12.O-O-O Ne5 13.f4 Nc4 14.Qd3 b5 15.e5 dxe5
16.Bxc6+  1-0

[Event "XI Open A"]
[Site "Mislata ESP"]
[Date "2003.08.20"]
[Round "2"]
[White "Vedreno Rios,J"]
[Black "Argandona Rivero,I"]
[Result "0-1"]
[WhiteElo "2089"]
[BlackElo "2350"]

1.e4 d6 2.d4 Nf6 3.Nc3 e5 4.d5 Be7 5.Nf3 O-O 6.Be2 c6 7.dxc6 bxc6 8.O-O h6
9.h3 Be6 10.b3 Nbd7 11.Bb2 d5 12.Bd3 Bb4 13.Qe2 d4 14.Nb1 Nh5 15.Bc1 Qf6
16.Nh2 Nf4 17.Bxf4 exf4 18.Nd2 Bxd2 19.Qxd2 Ne5 20.f3 h5 21.Rad1 a5 22.a4 c5
23.Kh1 Qh4 24.Qf2 g5 25.Be2 Kg7 26.Qe1 Rh8 27.Qxh4 gxh4 28.Rf2 Kf6 29.Nf1 Rhg8
30.Bb5 Rg5 31.Nd2 Rag8 32.Kh2 Rg3 33.Rb1 Ke7 34.Rd1 f6 35.Rb1 R8g7 36.Rd1 Bc8
37.Be2 Nf7 38.Nf1 Ng5 39.Kh1 Bxh3 40.Nxg3 hxg3 41.Rff1 Bc8 42.Bc4 h4 43.Rfe1 h3
44.Bf1 Rh7 45.Kg1 hxg2 46.Bxg2 Rh2 47.Re2 Bh3 48.Rd3 Nf7 49.Rd1 Ne5 50.Rf1 Kf7
51.Rd2 Kg6 52.Re2 Kg5 53.Rd2 Kh4 54.Re2 Bxg2 55.Rxg2 Kh3 56.Rxh2+ gxh2+ 57.Kh1 Kg3
58.c3 Nxf3 59.b4 dxc3  0-1

[Event "Open"]
[Site "Vienna AUT"]
[Date "2003.08.20"]
[Round "5"]
[White "Waller,H"]
[Black "Zaynard,A"]
[Result "1/2-1/2"]
[WhiteElo "2115"]
[BlackElo "2053"]

1.e4 d6 2.d4 Nf6 3.Nc3 c6 4.Nf3 Bg4 5.h3 Bh5 6.Qe2 e6 7.Bf4 Be7 8.O-O-O d5
9.exd5 Nxd5 10.Nxd5 Qxd5 11.g4 Bg6 12.Bxb8 Rxb8 13.Qe5 O-O 14.Qxd5 cxd5 15.Ne5 Rbc8
16.Nxg6 fxg6 17.Rh2 Bh4 18.Bb5 Rc7 19.Rf1 Rf4 20.c3 Rxd4 21.f4 Bg3 22.Re2 Rxf4
23.Rxe6 Rxf1+ 24.Bxf1 Kf7 25.Re2 d4 26.Kc2 dxc3 27.bxc3 Rc5 28.Kd3 b5 29.Re4 Be5
30.c4 b4 31.Re2 a5 32.Bg2 Ke6 33.Bd5+ Kd6 34.Rc2 Bf6 35.Re2 Be5 36.Rc2 Bf6
37.Re2 Be5  1/2-1/2

[Event "ch-FRA"]
[Site "Aix les Bains FRA"]
[Date "2003.08.21"]
[Round "4"]
[White "Skripchenko,A"]
[Black "Dorfman,J"]
[Result "1/2-1/2"]
[WhiteElo "2489"]
[BlackElo "2607"]

1.e4 d6 2.d4 Nf6 3.Nc3 e5 4.Nf3 Nbd7 5.Bc4 Be7 6.O-O O-O 7.Qe2 c6 8.a4 exd4
9.Nxd4 Re8 10.Ba2 Bf8 11.Qf3 Ne5 12.Qd1 Ng6 13.Re1 a6 14.h3 h6 15.Be3 d5
16.exd5 cxd5 17.Nf3 Bb4 18.Qd4 Bxc3 19.Qxc3 Be6 20.Qd4 Ne7 21.c3  1/2-1/2

[Event "XI Open A"]
[Site "Mislata ESP"]
[Date "2003.08.21"]
[Round "3"]
[White "Adell Corts,F"]
[Black "Garcia Fernandez,C"]
[Result "0-1"]
[WhiteElo "2213"]
[BlackElo "2381"]

1.d4 d6 2.e4 Nf6 3.Nc3 e5 4.dxe5 dxe5 5.Qxd8+ Kxd8 6.Bc4 Be6 7.Bxe6 fxe6
8.Bg5 Bd6 9.O-O-O Ke7 10.h3 a6 11.Nge2 Nd7 12.Rhe1 b5 13.f4 exf4 14.Bxf4 Bxf4+
15.Nxf4 Ne5 16.Nd3 Nfd7 17.Nxe5 Nxe5 18.Ne2 Rhf8 19.Nd4 Rf2 20.Re2 Rxe2 21.Nxe2 Rf8
22.Rg1 c5 23.b3 b4 24.Kd2 a5 25.Ke3 a4 26.Rc1 Ra8 27.Nf4 c4 28.bxc4 Nxc4+
29.Kd4 Rc8 30.Nd3 Na3 31.Nc5 Rd8+ 32.Ke3 Nc4+ 33.Kf3 Rc8 34.Nd3 Rb8 35.Ke2 Na3
36.Nc5 Nb5 37.Nxa4 Ra8 38.Nc5 Rxa2 39.Kd3 Kd6 40.Nb3 Na3 41.Nd2 Kc5 42.Nb3+ Kd6
43.Nd2 Rb2 44.c3 Rxd2+ 45.Kxd2 b3 46.c4 Kc5  0-1

[Event "15th Vidmar mem"]
[Site "Terme Zrece SLO"]
[Date "2003.08.21"]
[Round "4"]
[White "Sermek,D"]
[Black "Mitkov,N"]
[Result "0-1"]
[WhiteElo "2577"]
[BlackElo "2552"]

1.e4 d6 2.d4 Nf6 3.Nc3 e5 4.Nf3 Nbd7 5.Bc4 Be7 6.O-O O-O 7.Re1 c6 8.a4 a5
9.h3 exd4 10.Qxd4 Nc5 11.Bf4 Be6 12.Rad1 Qb6 13.Bxe6 fxe6 14.Bxd6 Bxd6 15.Qxd6 Rad8
16.Qe5 Nfd7 17.Qd4 Qxb2 18.Rd2 Qa3 19.Red1 Nb6 20.Qxd8 Rxd8 21.Rxd8+ Kf7
22.Ne2 Qxa4 23.Ned4 Ke7 24.Rg8 Kf7 25.Rd8 Ke7 26.Rg8 Kf7 27.Rh8 h6 28.Ne5+ Kf6
29.f4 Nbd7 30.Nb3 Nxe5 31.fxe5+ Kg6 32.Nd4 Qa3 33.Re1 Qc3 34.Nf3 Qxc2 35.Nh4+ Kh5
36.Nf3 Nxe4 37.g4+ Kg6 38.Rf1 Nd2  0-1

[Event "Open"]
[Site "Vienna AUT"]
[Date "2003.08.21"]
[Round "6"]
[White "Lucaci,M"]
[Black "Zaynard,A"]
[Result "1/2-1/2"]
[WhiteElo "2148"]
[BlackElo "2053"]

1.e4 d6 2.d4 Nf6 3.Nc3 c6 4.f4 Qa5 5.Bd3 e5 6.fxe5 dxe5 7.dxe5 Ng4 8.Nf3 Nxe5
9.Nxe5 Qxe5 10.Qf3 Bd6 11.Be3 Be6 12.O-O-O Nd7 13.Be2 Bb4 14.Bd4 Qa5 15.a3 Bf8
16.Qh5 Qxh5 17.Bxh5 Rg8 18.Rhe1 g6 19.Bf3 Bh6+ 20.Kb1 Bg7 21.Nd5 Kd8 22.Nf4 Ke7
23.e5 h5 24.Rd3 Rac8 25.Nxe6 fxe6 26.g4 Rgf8 27.gxh5 gxh5 28.Bxh5 Rh8 29.Rg3 Bh6
30.Rf1 Rcf8 31.Rxf8 Bxf8 32.Rg5 c5 33.Bg1 b6 34.Bg4 Bh6 35.Rg6 Nf8 36.Rf6 Bg7
37.Rf3 Nd7 38.b4 Nxe5 39.Rg3 Nc4 40.bxc5 Be5 41.Rg2 bxc5 42.Bxc5+ Kd7 43.h3 Rb8+
44.Kc1 Bb2+ 45.Kd1 Bxa3 46.Bxa7 Rb1+ 47.Ke2 Bb4 48.Bf3 Kd6 49.Rg4 Na3 50.Rd4+ Kc7
51.Kd3 Bd6 52.Ra4 Rf1 53.Bg4 e5 54.c4 Kc6 55.Ra6+ Kc7 56.c5 e4+ 57.Kxe4 Re1+
58.Kd3 Bf4 59.Re6 Rxe6 60.Bxe6 Nb5 61.Bb6+ Kc6 62.Bf7 Nd6 63.Bb3 Nc8 64.Ba4+ Kd5
65.Bd7 Nxb6 66.cxb6  1/2-1/2

[Event "Open"]
[Site "Porto San Giorgo ITA"]
[Date "2003.08.23"]
[Round "3"]
[White "Cerquitella,L"]
[Black "Laketic,G"]
[Result "1/2-1/2"]
[WhiteElo "2125"]
[BlackElo "2393"]

1.e4 d6 2.d4 Nf6 3.Nc3 e5 4.Nf3 Nbd7 5.Bc4 Be7 6.O-O O-O 7.a4 c6 8.Re1 b6
9.d5 c5 10.h3 a6 11.Nh2 Re8 12.Qf3 Nf8 13.g4 Ng6 14.g5 Nd7 15.Qg3 f6 16.h4 fxg5  1/2-1/2

[Event "Open"]
[Site "Porto San Giorgo ITA"]
[Date "2003.08.23"]
[Round "3"]
[White "Ortega,Le"]
[Black "Georgiev,Vl"]
[Result "1-0"]
[WhiteElo "2437"]
[BlackElo "2566"]

1.e4 d6 2.d4 Nf6 3.Nc3 e5 4.Nf3 Nbd7 5.Bc4 Be7 6.O-O O-O 7.Re1 c6 8.a4 b6
9.h3 a6 10.Ba2 Rb8 11.Nh4 b5 12.Nf5 b4 13.Nb1 exd4 14.Qxd4 c5 15.Qd1 Ne5
16.Bf4 Bxf5 17.exf5 Qc8 18.g4 c4 19.Nd2 Rd8 20.Nxc4 Nxc4 21.Rxe7 Qc6 22.Qd4 Rbc8
23.Rd1 Kf8 24.Qa7 Kg8 25.Rxf7 Qf3 26.Rxg7+ Kh8 27.Rxh7+ Nxh7 28.Qd4+ Kg8
29.Bxc4+ Rxc4 30.Qxc4+ d5 31.Rd3 dxc4 32.Rxf3 Nf6 33.Kg2 Rd1 34.Be5 Nd7 35.Bf4 Rd5
36.Re3 Kf7 37.Re4 Nb6 38.a5 Rxa5 39.Bc7 Rb5  1-0

[Event "14th Sommerpokal"]
[Site "Recklinghausen GER"]
[Date "2003.08.24"]
[Round "7"]
[White "Parado,D"]
[Black "Kuhn,M"]
[Result "0-1"]
[WhiteElo "2089"]
[BlackElo "2213"]

1.d4 d6 2.e4 Nf6 3.Nc3 c6 4.f4 Qa5 5.Bd3 e5 6.Nf3 Bg4 7.Be3 Nbd7 8.h3 Bh5
9.g4 exf4 10.Bxf4 Bg6 11.Qd2 Be7 12.O-O-O b5 13.Rhe1 b4 14.Nb1 O-O 15.Nh4 d5
16.Nf5 Rfe8 17.e5 Ne4 18.Bxe4 dxe4 19.Rxe4 Bf8 20.Rde1 Nb6 21.Qe2 Qxa2 22.Qd3 a5
23.Qb3 Qa1 24.Kd2 a4 25.Qd3 Qxb2 26.e6 fxe6 27.Rxe6 Rxe6 28.Rxe6 Qxb1 29.Rxg6 hxg6
30.Nh6+ Kh7 31.Nf7 b3 32.Ng5+ Kg8  0-1

[Event "XI Open A"]
[Site "Mislata ESP"]
[Date "2003.08.26"]
[Round "7"]
[White "Alonso Moyano,J"]
[Black "Hernandez,Gi"]
[Result "0-1"]
[WhiteElo "2281"]
[BlackElo "2556"]

1.e4 d6 2.d4 Nf6 3.Nc3 Nbd7 4.f4 e5 5.Nf3 exd4 6.Qxd4 c6 7.Bd2 Qb6 8.O-O-O Be7
9.g3 O-O 10.h3 Re8 11.Be3 d5 12.Qxb6 axb6 13.exd5 Bb4 14.dxc6 Rxe3 15.cxd7 Bxd7
16.Ne5 Be6 17.Nc4 Bxc4 18.Bxc4 Bxc3 19.bxc3 Rxc3 20.Bb3 Rxg3 21.Rd6 Ne4 22.Rxb6 Nc5
23.Kb2 Kf8 24.Rb5 Rc8 25.Rh2 Rc7 26.Rb4 h5 27.a4 Re3 28.f5 Rf3 29.Rc4 Rxf5
30.h4 Re5 31.Rf2 f6 32.Rf3 Ke7 33.Rcf4 Ne6 34.Rb4 Nc5 35.Rbf4 Ne4 36.Rf1 Nd6
37.R1f2 Rcc5 38.Rd4 Re4 39.Rd3 Rxh4 40.Re2+ Re4 41.Red2 Rc6 42.Bd5 Rb6+ 43.Ka3 Nc4+
44.Bxc4 Rxc4 45.Rd7+ Kf8 46.Rd8+ Kf7 47.R2d7+ Kg6 48.Rg8 Rc3+ 49.Ka2 Rxc2+
50.Ka3 Rc3+ 51.Ka2 Rc4 52.Rgxg7+ Kf5 53.Ka3 Ra6 54.Rxb7 Rcxa4+ 55.Kb3 Ra3+
56.Kc2 Re6 57.Rb4 Re2+ 58.Kb1 Rf3 59.Rg1 Re4 60.Rb5+ Re5 61.Rb4 Rf4 62.Rb3 h4
63.Kc1 Rf2 64.Rh1 Ra5  0-1

[Event "ch-FRA w"]
[Site "Aix les Bains FRA"]
[Date "2003.08.27"]
[Round "9"]
[White "Flear,C"]
[Black "Muller,A"]
[Result "0-1"]
[WhiteElo "2239"]
[BlackElo "2184"]

1.d4 d6 2.e4 Nf6 3.Nc3 Nbd7 4.f4 e5 5.Nf3 exd4 6.Qxd4 c6 7.Be3 d5 8.exd5 Bc5
9.Qd3 Qe7 10.Nd4 Nb6 11.dxc6 bxc6 12.Be2 O-O 13.O-O-O Nbd5 14.Bf2 Nxf4 15.Qf3 Nxe2+
16.Ndxe2 Bg4 17.Bxc5 Qxc5 18.Qd3 Rab8 19.Qd4 Qa5 20.Rd2 Rb4 21.Qd6 Rb6 22.Nd4 Qg5
23.Nxc6 Re8 24.Ne7+ Kh8 25.Qc7 Re6 26.h4 Qh6 27.Qxa7 R6xe7 28.Qf2 Rd7 29.Re1 Red8
30.Nb1 Nd5 31.a3 f5 32.g3 Nf6 33.Qe3 Qxe3 34.Rxe3 Rxd2 35.Nxd2 Ne4 36.Nf3 Nxg3
37.c4 f4 38.Rb3 Ne2+ 39.Kb1 Bf5+  0-1